000
00342nam a2200157Ia 4500
005
20250423101653.0
008
250422s9999 xx 000 0 und d
020
_a
0871972085
050
_a
AG 5 .V62/
245
0
_a
Volume Library 1
260
_a
Nashville
260
_b
Southwestern
260
_c
1998
300
_a
1232 p
942
_c
BK
999
_c
36934
_d
36934